Zásady projektování a zavádění automatizovaných systémů VTEI metodické pokyny SÚTZ

Saved in:
Bibliographic Details
Main Author: Jančařík, Miloslav
Format: Book
Language:Czech
Published: Praha Ústředí vědeckých, technických a ekonomických informací 1983
Series:Projekce
Tags: Add Tag
No Tags, Be the first to tag this record!

MARC

LEADER 00000nam a2200000 4500
001 c134639
005 20190620101239.4
041 0 |a cze 
044 |a CZ 
245 1 0 |a Zásady projektování a zavádění automatizovaných systémů VTEI  |b metodické pokyny SÚTZ  |c Miloslav Jančařík 
264 1 |a Praha  |b Ústředí vědeckých, technických a ekonomických informací  |c 1983 
300 |a 55 s. 
490 1 |a Projekce 
830 0 |a Projekce 
100 1 |a Jančařík, Miloslav